Najczęściej używane waluty świata - Statystyki

Ogólne statystyki
  • Ten quiz został rozwiązany 573 razy
  • Średni wynik to 4 z 10
Statystyki odpowiedzi
% Waluta % Poprawnych
39 Euro
98%
85 Dolar amerykański
78%
19 Jen japoński
50%
13 Funt brytyjski
48%
6,4 Frank szwajcarski
43%
7,6 Dolar australijski
40%
5,3 Dolar kanadyjski
37%
2,2 Korona szwedzka
22%
1,6 Dolar nowozelandzki
12%
2,4 Dolar hongkoński
2%
Nie znaleziono quizów pasujących do podanych kryteriów
Rozkład punktacji
Procent ludzi z każdym wynikiem
Percentyl według liczby udzielonych odpowiedzi
Twoja historia wyników
Nie rozwiązałeś tego quizu